Miesiące po niemiecku - Statystyki

Ogólne statystyki
  • Ten quiz został rozwiązany 2 850 razy
  • Średni wynik to 11 z 12
Statystyki odpowiedzi
Polski Niemiecki % Poprawnych
Styczeń Januar
95%
Kwiecień April
93%
Maj Mai
92%
Luty Februar
90%
Lipiec Juli
90%
Marzec März
90%
Czerwiec Juni
88%
Sierpień August
86%
Listopad November
85%
Wrzesień September
85%
Październik Oktober
84%
Grudzień Dezember
78%
Nie znaleziono quizów pasujących do podanych kryteriów
Rozkład punktacji
Procent ludzi z każdym wynikiem
Percentyl według liczby udzielonych odpowiedzi
Twoja historia wyników
Nie rozwiązałeś tego quizu